[Event "COL-ch sf3 U12"]
[Site "Moniquira"]
[Date "2019.05.23"]
[Round "1.4"]
[White "Raigoso Gonzalez, Sharick Lorena"]
[Black "Gomez, David Santiago"]
[Result "0-1"]
[WhiteElo "1324"]
[BlackElo "1313"]
[PlyCount "60"]
[EventDate "2019.05.23"]
[EventType "swiss"]
[EventRounds "6"]
[EventCountry "COL"]
[SourceTitle "EXT 2024"]
[Source "ChessBase"]
[SourceDate "2023.10.10"]
[SourceVersion "1"]
[SourceVersionDate "2023.10.10"]
[SourceQuality "1"]

1. e4 e5 2. Nf3 Nc6 3. Bc4 Bc5 4. c3 Nf6 5. d4 exd4 6. cxd4 Bb4+ 7. Nc3 Nxe4 8. 0-0 Bxc3 9. bxc3 Nxc3 10. Qe1+ Ne7 11. Qxc3 d5 12. Bd3 0-0 13. Re1 h6 14. Ba3 Re8 15. Bc2 c6 16. Nh4 Be6 17. Bxe7 Qxe7 18. Nf3 Qf6 19. Qd3 g6 20. Qe3 Kg7 21. Qb3 b6 22. Qc3 Rac8 23. Qa3 a5 24. Rab1 Rb8 25. Qa4 Rec8 26. Ne5 c5 27. Nc6 Bd7 28. Qb3 Bxc6 29. Qa3 Bd7 30. dxc5 Rxc5 0-1

[Event "LSS RL-2007-0-00131"]
[Site "LSS email"]
[Date "2007.11.26"]
[Round "?"]
[White "Reede, Arvo"]
[Black "Gomez, David Santiago"]
[Result "0-1"]
[WhiteElo "1087"]
[BlackElo "1452"]
[PlyCount "56"]
[EventDate "2007.11.18"]
[EventType "tourn (corr)"]
[EventRounds "6"]
[EventCountry "GER"]
[SourceTitle "Corr 2024"]
[Source "ChessBase"]
[SourceDate "2023.10.19"]
[SourceVersion "1"]
[SourceVersionDate "2023.10.19"]
[SourceQuality "1"]

1. e4 c5 2. Nf3 e6 3. d4 cxd4 4. Nxd4 a6 5. Nc3 Qc7 6. Bd3 Bc5 7. Nb3 Be7 8. Qg4 Nf6 9. Qxg7 Rg8 10. Qh6 Nc6 11. g3 b5 12. Bf4 d6 13. h3 Rg6 14. Qh4 Ne5 15. Bxe5 dxe5 16. 0-0-0 Bb7 17. f4 0-0-0 18. fxe5 Nxe4 19. Bxe4 Bxh4 20. Bxb7+ Kxb7 21. gxh4 Rxd1+ 22. Rxd1 Qxe5 23. a4 Rg1 24. axb5 Rxd1+ 25. Kxd1 axb5 26. Ne4 Kb6 27. Ng5 Qxb2 28. Nxf7 Qf6 0-1